00760 2200181 4500245004600000020002200046250001100068100001700079700001800096650004300114005001900157260004200176041001400218084000800232300002200240500030700262336000900569 aThe Birthday SurprisecHerman, GailhText a978-979-22-6373-2 aCet. 1 aHerman, Gail aRina Buntaran aFiksi Inggris (dalam Bahasa Indonesia) a20231011074450 aJakartabGramedia Pustaka Utamac2010 aIndonesia a813 a96 hlm. :c20 cm. aAdella,Kaka Ariel berulang tahun, dan dia di undang ke pestanya.Wah,Ariwl senang sekali menjadi putri duyung lagi dan menjadi keluarga nya di bawah laut.Kakak kakaknya senang bertemu dengan ariel bahka di puncak perayaan ulang tahunnya,Adella berkata,''Oh Ariel,aku ingen ingin kau tidak pernah pergi!" atext